000 00418nam a2200193Ia 4500
005 20240823050544.0
008 240823s9999||||xx |||||||||||||| ||und||
020 _a978-93-80545-42-4
041 _aTAMIL
082 _A894.8113 Q3
100 _aJeyamohan
245 0 _aAaram
250 _a4th
260 _c2013
_bVamisi Publica
500 _aYES
650 _aAaram
_bGeneral
942 _cBK
999 _c217525
_d217525